Звичайний вигляд
Перегляд у МАРК
Входження „Meeting Name“
Кількість записів, які використовуються: 1
001 - CONTROL NUMBER
- control field: 25196
003 - CONTROL NUMBER IDENTIFIER
- control field: UA-OsUOA
005 - DATE AND TIME OF LATEST TRANSACTION
- control field: 20260507154917.0
008 - FIXED-LENGTH DATA ELEMENTS
- fixed length control field: 260507|| aca||aabn | a|a d
040 ## - CATALOGING SOURCE
- Original cataloging agency: UA-OsUOA
- Transcribing agency: UA-OsUOA
111 ## - HEADING--MEETING NAME
- Meeting name or jurisdiction name as entry element: Всеканадські святкування 100-річчя (988-1988) хрещення Русі-України у св. православну віру
- Location of meeting: Саскатун, Саскачеван
- Date of meeting: 13-16 серпня, 1987
670 ## - SOURCE DATA FOUND
- Source citation: Work cat.: (UA-OsUOA)580662: Всеканадські святкування 100-річчя (988-1988) хрещення Русі-України у св. православну віру Саскатун, Саскачеван 13-16 серпня, 1987, Всеканадські святкування 100-річчя (988-1988) хрещення Русі-України у св. православну віру, 13-16 серпня 1987